00554nam a2200169Ia 4500008004100000020001500041041001200056082001100068100001600079245005600095260002500151300000800176650001200184942000700196999001500203952016600218221030s9999 xx 000 0 und d a0074516108 aEnglish a105.23 aN. K. Bajaj 4aThe Physics of Waves & Oscilationscby N. K. Bajaj bTMHaNew Delhic1992 a432 aPhysics cBK c6057d6057 pBE 9916g60.00l0o105.23 r2024-06-13 00:00:00w2022-10-30yBK003Print4070aMIETLIBbMIETLIBcBL-Academic Block C, FL-2, CUP-7, SH-3, R-3d2009-03-1010HBE